Normal view
MARC view
Entry Topical Term
001 - CONTROL NUMBER
- control field: 27755
003 - CONTROL NUMBER IDENTIFIER
- control field: OSt
005 - DATE AND TIME OF LATEST TRANSACTION
- control field: 20260609100457.0
008 - FIXED-LENGTH DATA ELEMENTS
- fixed length control field: 260609|| aca||aabn | a|a d
040 ## - CATALOGING SOURCE
- Original cataloging agency: OSt
- Transcribing agency: OSt
150 ## - HEADING--TOPICAL TERM
- Topical term or geographic name entry element: Readability(Literary style)-Study and Teaching(primary)
670 ## - SOURCE DATA FOUND
- Source citation: Work cat.: (OSt)23572: Calkins Lucy and Natalie Louis 27753, Writing For Readers: Teaching Skills and Strategies, 2003
